000 00296nam a22001337a 4500
008 170531b xxu||||| |||| 00| 0 eng d
020 _a9781567656022
041 _aeng
080 _a94(7/8)
100 _a17
101 _aSHH
245 _aUNITED STATES HISTORY
_cNEWMAN, J.J
942 _2udc
_cBK
999 _c15106
_d15106